000
00249nam a2200097Ia 4500
001
1164951
005
20250827011731.0
008
250824s9999 xx 000 0 und d
245
0
_a
HARİTALARIN DİLİ
_c
EDUARD DALMAU
260
_b
YEDİTEPE YAYINLARI
999
_c
1164951
_d
1164951